Where earth meets water (Record no. 82506)

MARC details
000 -LEADER
fixed length control field 00393 a2200157 4500
005 - DATE AND TIME OF LATEST TRANSACTION
control field 20150624122550.0
008 - FIXED-LENGTH DATA ELEMENTS--GENERAL INFORMATION
fixed length control field 150624b xxu||||| |||| 00| 0 eng d
020 ## - INTERNATIONAL STANDARD BOOK NUMBER
International Standard Book Number 9789351064640
080 ## - UNIVERSAL DECIMAL CLASSIFICATION NUMBER
Universal Decimal Classification number F
Item number PAD
100 ## - MAIN ENTRY--PERSONAL NAME
Personal name Padukone, Pia
245 ## - TITLE STATEMENT
Title Where earth meets water
260 ## - PUBLICATION, DISTRIBUTION, ETC. (IMPRINT)
Name of publisher, distributor, etc Harlequin India
Place of publication, distribution, etc Mumbai
Date of publication, distribution, etc 2014
300 ## - PHYSICAL DESCRIPTION
Extent 269p.
653 ## - INDEX TERM--UNCONTROLLED
Uncontrolled term Fiction - English literature
942 ## - ADDED ENTRY ELEMENTS (KOHA)
item type Books
Holdings
Lost status Source of classification or shelving scheme Not for loan Home library Current library Shelving location Date acquired Cost, normal purchase price Total Checkouts Full call number Barcode Date last seen Date checked out Cost, replacement price Price effective from Koha item type
  Universal Decimal Classification   University Library University Library Fiction 09/03/2015 0.00 4 F PAD 00073650 08/10/2025 26/09/2025 0.00 09/03/2015 Books
University Library, CUSAT